[Event "Yerevan Margaryan Memorial IM"]
[Site "Yerevan"]
[Date "2024.01.14"]
[Round "7"]
[White "Putrenko, Kirill"]
[Black "Pashikyan, Rudolf"]
[Result "1-0"]
[WhiteElo "2353"]
[BlackElo "2287"]
[PlyCount "85"]
[EventDate "2024.01.08"]
[EventType "tourn"]
[EventRounds "9"]
[EventCountry "ARM"]
[EventCategory "2"]
[SourceTitle "CB04_2024"]
[SourceDate "2023.10.16"]
[SourceVersion "1"]
[SourceVersionDate "2023.10.16"]
[SourceQuality "1"]

1. d4 Nf6 2. c4 e6 3. Nc3 d5 4. cxd5 exd5 5. Bg5 c6 6. e3 Be7 7. Bd3 0-0 8. Qc2 Nbd7 9. h3 h6 10. Bf4 c5 11. Nge2 b6 12. Nb5 Bb7 13. Nd6 Bxd6 14. Bxd6 Re8 15. Qd1 Ne4 16. Bf4 c4 17. Bc2 b5 18. 0-0 Qb6 19. f3 Nef6 20. Qd2 Qe6 21. Kf2 b4 22. g4 g5 23. Bh2 Nb6 24. b3 c3 25. Qc1 Ba6 26. Re1 Bxe2 27. Rxe2 a5 28. a4 Nc4 29. bxc4 dxc4 30. Bf5 Qb6 31. h4 Nd5 32. hxg5 b3 33. Rb1 hxg5 34. Be5 Rxe5 35. dxe5 Qc7 36. Qh1 Ra6 37. Qh7+ Kf8 38. Qh8+ Ke7 39. Rd1 Qc5 40. Be4 c2 41. Rxd5 Qxd5 42. Bxd5 c1Q 43. Qh7 1-0

[Event "Yerevan Margaryan Memorial IM"]
[Site "Yerevan"]
[Date "2024.01.10"]
[Round "3"]
[White "Gasparyan, Erik R"]
[Black "Putrenko, Kirill"]
[Result "1-0"]
[WhiteElo "2340"]
[BlackElo "2353"]
[PlyCount "121"]
[EventDate "2024.01.08"]
[EventType "tourn"]
[EventRounds "9"]
[EventCountry "ARM"]
[EventCategory "2"]
[SourceTitle "CB04_2024"]
[SourceDate "2023.10.16"]
[SourceVersion "1"]
[SourceVersionDate "2023.10.16"]
[SourceQuality "1"]

1. e4 c5 2. Nf3 d6 3. d4 cxd4 4. Nxd4 Nf6 5. Nc3 a6 6. Bd3 g6 7. Be3 Bg7 8. f3 Nbd7 9. Qd2 b5 10. a4 b4 11. Nce2 d5 12. Qxb4 Qc7 13. Qc3 Qd6 14. Nb3 0-0 15. Bd4 e5 16. Bc5 Nxc5 17. Qxc5 Qxc5 18. Nxc5 dxe4 19. fxe4 Bh6 20. Nc3 Be3 21. Nb3 a5 22. Ke2 Bb6 23. Rhf1 Nh5 24. Nd5 Bd8 25. Nd2 Be6 26. Nc4 Bxd5 27. exd5 Nf4+ 28. Kf3 Rc8 29. Nxe5 Nxd5 30. c3 Nb6 31. Bb5 Bf6 32. Rae1 Kg7 33. Re4 Rc5 34. Nc6 Rc8 35. Nd4 Nc4 36. Bxc4 Rxc4 37. Nb5 Rxe4 38. Kxe4 Rd8 39. Rf2 Rd1 40. Rc2 Be7 41. Nd4 Bc5 42. Kd5 Bb6 43. Kc4 h5 44. Nc6 Bc7 45. h3 g5 46. b4 Ra1 47. Kb5 axb4 48. cxb4 g4 49. a5 Bh2 50. hxg4 hxg4 51. Ka6 f5 52. Kb7 f4 53. a6 Bg1 54. Rc4 Rf1 55. Nd4 Re1 56. a7 Re7+ 57. Rc7 Rxc7+ 58. Kxc7 Bxd4 59. a8Q f3 60. gxf3 g3 61. f4 1-0

[Event "Belgrade Serbia op"]
[Site "Belgrade"]
[Date "2023.07.24"]
[Round "9"]
[White "Tenuunbold, Battulga"]
[Black "Putrenko, Kirill"]
[Result "1/2-1/2"]
[WhiteElo "2002"]
[BlackElo "2385"]
[PlyCount "75"]
[EventDate "2023.07.16"]
[EventType "swiss"]
[EventRounds "9"]
[EventCountry "SRB"]
[SourceTitle "EXT 2024"]
[Source "ChessBase"]
[SourceDate "2023.10.10"]
[SourceVersion "1"]
[SourceVersionDate "2023.10.10"]
[SourceQuality "1"]

1. d4 d5 2. c4 dxc4 3. e3 Nf6 4. Bxc4 e6 5. Nf3 a6 6. a4 c5 7. 0-0 Nc6 8. Qe2 cxd4 9. Rd1 Be7 10. exd4 0-0 11. Nc3 Nb4 12. Ne5 b6 13. Bg5 Bb7 14. Rac1 Nfd5 15. Bd2 Bg5 16. Nxd5 Nxd5 17. Bd3 Bxd2 18. Qxd2 Nf6 19. Qb4 a5 20. Qb3 Qd5 21. Qxd5 Bxd5 22. Rc3 Rad8 23. f3 g6 24. Kf2 Ba8 25. Bb5 Nd5 26. Rc4 f6 27. Nd3 Rd6 28. Re1 Kf7 29. Nc1 Bb7 30. Ne2 Rc8 31. Rec1 Rxc4 32. Rxc4 Ne7 33. Rc7 Bc6 34. Nc3 f5 35. Ke3 Kf6 36. Bxc6 Rxc6 37. Rxc6 Nxc6 38. d5 1/2-1/2

[Event "Belgrade Serbia op"]
[Site "Belgrade"]
[Date "2023.07.21"]
[Round "6"]
[White "Putrenko, Kirill"]
[Black "Gkavardinas, Antonios"]
[Result "1-0"]
[WhiteElo "2385"]
[BlackElo "2146"]
[PlyCount "133"]
[EventDate "2023.07.16"]
[EventType "swiss"]
[EventRounds "9"]
[EventCountry "SRB"]
[SourceTitle "CBM 215 Extra"]
[Source "ChessBase"]
[SourceDate "2023.09.30"]
[SourceVersion "1"]
[SourceVersionDate "2023.09.30"]
[SourceQuality "1"]

1. d4 d5 2. c4 e6 3. Nc3 Be7 4. cxd5 exd5 5. Bf4 c6 6. e3 Bf5 7. g4 Be6 8. h4 Nd7 9. Qb3 Nb6 10. a4 a5 11. g5 h6 12. Nf3 Bf5 13. 0-0-0 Bb4 14. Rg1 hxg5 15. Rxg5 g6 16. Bd3 Bxd3 17. Rxd3 Nf6 18. Rd1 Kf8 19. Ne5 Rxh4 20. Rgg1 Rh5 21. Bg5 Qd6 22. f3 Qe6 23. Ne2 Rh7 24. Qd3 Nh5 25. Nf4 Nxf4 26. Bxf4 Nc4 27. Nxg6+ fxg6 28. Rxg6 Qf7 29. Rdg1 Ke7 30. Bh6 Rxh6 31. Rxh6 Rg8 32. Rxg8 Qxg8 33. Qh7+ Qxh7 34. Rxh7+ Ke6 35. e4 Nd6 36. Rh6+ Ke7 37. exd5 cxd5 38. Rh5 Nc4 39. Rxd5 Ke6 40. Rb5 b6 41. b3 Nd6 42. Re5+ Kf6 43. Kc2 Ba3 44. Kd3 Bc1 45. Re2 Ba3 46. Rc2 b5 47. axb5 Nxb5 48. Kc4 Nd6+ 49. Kd5 Nf5 50. Rc6+ Kg5 51. Ke4 Ng3+ 52. Ke5 Ne2 53. Rc2 Nf4 54. d5 Nd3+ 55. Kd4 Ne1 56. Ra2 Bb4 57. Ke4 Kf6 58. f4 Bc3 59. Rh2 Bb4 60. f5 Ba3 61. Re2 Bb4 62. d6 Kf7 63. Kd5 Nd3 64. Kc6 Kf8 65. d7 Be7 66. Rxe7 Nb4+ 67. Kd6 1-0

[Event "Belgrade Serbia op"]
[Site "Belgrade"]
[Date "2023.07.20"]
[Round "5"]
[White "Pogorelskikh, Sergey"]
[Black "Putrenko, Kirill"]
[Result "1/2-1/2"]
[WhiteElo "2196"]
[BlackElo "2385"]
[PlyCount "134"]
[EventDate "2023.07.16"]
[EventType "swiss"]
[EventRounds "9"]
[EventCountry "SRB"]
[SourceTitle "CBM 215 Extra"]
[Source "ChessBase"]
[SourceDate "2023.09.30"]
[SourceVersion "1"]
[SourceVersionDate "2023.09.30"]
[SourceQuality "1"]

1. e4 c5 2. Nf3 d6 3. d4 cxd4 4. Nxd4 Nf6 5. f3 e5 6. Nb3 d5 7. Bg5 d4 8. c3 Nc6 9. cxd4 Bb4+ 10. Bd2 Nxe4 11. Bxb4 Qh4+ 12. g3 Nxg3 13. hxg3 Qxh1 14. Bc5 Bh3 15. N1d2 0-0-0 16. Qc2 Bxf1 17. 0-0-0 Qh6 18. Rxf1 b6 19. Ba3 exd4 20. Qf5+ Kb8 21. Qxf7 Ne5 22. Qf4 Qxf4 23. gxf4 Nd3+ 24. Kc2 Nxf4 25. Ne4 Ne6 26. Bd6+ Kb7 27. Kd3 Rd7 28. Nbd2 Rhd8 29. Bg3 g5 30. Rh1 Rf8 31. Rh5 a5 32. Rh6 Nc5+ 33. Nxc5+ bxc5 34. Bd6 Rf5 35. Kc4 d3 36. Ne4 Kc8 37. Kxd3 Rxf3+ 38. Kc4 Rg7 39. Nxc5 Rg6 40. Rxg6 hxg6 41. Ne4 g4 42. b3 Kd7 43. Bg3 Kc6 44. Bf2 Rf4 45. Kd4 Kb5 46. Be1 a4 47. bxa4+ Kxa4 48. Bg3 Rf3 49. Bd6 Rf1 50. Nc3+ Ka5 51. Bc7+ Ka6 52. a4 Rc1 53. Kd3 Ra1 54. Ke2 Rc1 55. Kd2 Ra1 56. Ke2 Rg1 57. Ne4 Rc1 58. Bd8 Rc8 59. Bf6 Ka5 60. Kf2 Rc4 61. Bd8+ Kxa4 62. Nf6 Rc8 63. Be7 Rc7 64. Bd8 Rc8 65. Be7 Rc4 66. Kg3 Kb5 67. Nxg4 Re4 1/2-1/2

[Event "RUS-ch Higher League 76th"]
[Site "Novokuznetsk"]
[Date "2023.07.05"]
[Round "9"]
[White "Grachev, Alexey1111"]
[Black "Putrenko, Kirill"]
[Result "1/2-1/2"]
[WhiteElo "2356"]
[BlackElo "2406"]
[PlyCount "97"]
[EventDate "2023.06.26"]
[EventType "swiss"]
[EventRounds "9"]
[EventCountry "RUS"]
[SourceTitle "EXT 2024"]
[Source "ChessBase"]
[SourceDate "2023.10.10"]
[SourceVersion "1"]
[SourceVersionDate "2023.10.10"]
[SourceQuality "1"]

1. e4 c5 2. Nf3 d6 3. Bb5+ Nd7 4. 0-0 a6 5. Bxd7+ Bxd7 6. c3 Nf6 7. Re1 Bc6 8. d4 Bxe4 9. Bg5 d5 10. dxc5 e6 11. b4 Be7 12. Nbd2 0-0 13. Nd4 Bg6 14. a4 h6 15. Bh4 Nh5 16. Bxe7 Qxe7 17. Qg4 Nf6 18. Qh4 Qc7 19. Qg3 Qxg3 20. hxg3 Rfe8 21. N4b3 Rac8 22. Rac1 e5 23. c4 d4 24. f4 Ng4 25. Ne4 Bxe4 26. Rxe4 f5 27. Ree1 Rcd8 28. fxe5 Nxe5 29. b5 d3 30. Red1 Ng4 31. c6 bxc6 32. bxc6 Ne5 33. c7 Rc8 34. Nd4 g6 35. Nf3 Rxc7 36. Nxe5 Rxe5 37. Rxd3 Rec5 38. Rd6 Kg7 39. Rxa6 Rxc4 40. Rxc4 Rxc4 41. a5 Ra4 42. Ra8 Kf6 43. a6 Kg5 44. a7 Ra2 45. Kf1 Kh5 46. Kg1 g5 47. Rf8 Rxa7 48. Rxf5 Kg4 49. Rf3 1/2-1/2

[Event "RUS-ch Higher League 76th"]
[Site "Novokuznetsk"]
[Date "2023.07.04"]
[Round "8"]
[White "Putrenko, Kirill"]
[Black "Rodin, Dmitrij"]
[Result "1/2-1/2"]
[WhiteElo "2406"]
[BlackElo "2330"]
[PlyCount "54"]
[EventDate "2023.06.26"]
[EventType "swiss"]
[EventRounds "9"]
[EventCountry "RUS"]
[SourceTitle "EXT 2024"]
[Source "ChessBase"]
[SourceDate "2023.10.10"]
[SourceVersion "1"]
[SourceVersionDate "2023.10.10"]
[SourceQuality "1"]

1. Nf3 Nf6 2. c4 e6 3. Nc3 Bb4 4. g4 d6 5. g5 Nfd7 6. h4 Bxc3 7. dxc3 b6 8. Nd4 Bb7 9. Rg1 Qe7 10. Bf4 0-0 11. Qc2 Ne5 12. 0-0-0 Nbd7 13. e4 a6 14. Bg3 c5 15. Nb3 f5 16. exf5 exf5 17. f4 Ng4 18. Bd3 Qf7 19. Rge1 d5 20. cxd5 Bxd5 21. c4 Bc6 22. Rd2 g6 23. Rde2 Rfe8 24. Rxe8+ Rxe8 25. Rxe8+ Qxe8 26. Qe2 Qxe2 27. Bxe2 Nf8 1/2-1/2

[Event "RUS-ch Higher League 76th"]
[Site "Novokuznetsk"]
[Date "2023.07.03"]
[Round "7"]
[White "Kataev, Aleksandr"]
[Black "Putrenko, Kirill"]
[Result "1/2-1/2"]
[WhiteElo "2264"]
[BlackElo "2406"]
[PlyCount "118"]
[EventDate "2023.06.26"]
[EventType "swiss"]
[EventRounds "9"]
[EventCountry "RUS"]
[SourceTitle "EXT 2024"]
[Source "ChessBase"]
[SourceDate "2023.10.10"]
[SourceVersion "1"]
[SourceVersionDate "2023.10.10"]
[SourceQuality "1"]

1. d4 d5 2. c4 dxc4 3. e3 Nf6 4. Bxc4 e6 5. Nf3 a6 6. a4 c5 7. 0-0 Nc6 8. Qe2 cxd4 9. Rd1 Be7 10. exd4 0-0 11. Nc3 Nb4 12. Bg5 h6 13. Bxf6 Bxf6 14. Ne5 Nc6 15. Ne4 Be7 16. Nxc6 bxc6 17. a5 Qc7 18. Nc5 e5 19. Nxa6 Bxa6 20. Bxa6 exd4 21. Rxd4 Bf6 22. Rd2 Rfe8 23. Qf1 Re5 24. Bc4 Rexa5 25. Rad1 R5a7 26. g3 c5 27. Qd3 Ra1 28. Rxa1 Rxa1+ 29. Kg2 Bd4 30. Qe4 Ra7 31. Re2 Qd6 32. Qe8+ Qf8 33. Qe4 Qd6 34. b4 g6 35. b5 Kg7 36. Qd5 Qf6 37. Qc6 Qxc6+ 38. bxc6 Kf6 39. f4 Re7 40. Rxe7 Kxe7 41. Bxf7 g5 42. f5 Be5 43. Bb3 Kd6 44. Ba4 g4 45. Kf2 Bd4+ 46. Ke2 c4 47. Bb5 Kc7 48. Kd2 Kd6 49. Kc2 Kc7 50. Kb1 Kb6 51. Kc2 Kc7 52. Kd2 Kd6 53. Ke2 Kc7 54. Kf1 Kd6 55. Kg2 c3 56. Ba4 c2 57. Bxc2 Kxc6 58. Bd1 Kd6 59. Bxg4 Ke5 1/2-1/2

[Event "Paphos op 1st"]
[Site "Paphos"]
[Date "2023.04.13"]
[Round "9"]
[White "Putrenko, Kirill"]
[Black "Pezelj, Novak"]
[Result "1-0"]
[WhiteElo "2373"]
[BlackElo "2489"]
[PlyCount "49"]
[EventDate "2023.04.07"]
[EventType "swiss"]
[EventRounds "9"]
[EventCountry "CYP"]
[SourceTitle "CBM 213 Extra"]
[Source "ChessBase"]
[SourceDate "2023.05.31"]
[SourceVersion "1"]
[SourceVersionDate "2023.05.31"]
[SourceQuality "1"]

1. d4 d6 2. Nf3 g6 3. c4 Nf6 4. Nc3 Bf5 5. Qb3 b6 6. h3 Nc6 7. g4 Na5 8. Qd1 Bd7 9. e4 c5 10. d5 Bg7 11. Bf4 0-0 12. Be2 a6 13. a4 Qc7 14. 0-0 Rfb8 15. Re1 Ne8 16. Bf1 b5 17. axb5 axb5 18. cxb5 c4 19. e5 Qc5 20. exd6 exd6 21. Re7 Bxb5 22. Ng5 Qb4 23. Qe2 Nf6 24. Nxf7 Re8 25. Bxd6 1-0

[Event "Paphos op 1st"]
[Site "Paphos"]
[Date "2023.04.08"]
[Round "3"]
[White "Putrenko, Kirill"]
[Black "Michaelides, Konstantinos"]
[Result "1-0"]
[WhiteElo "2373"]
[BlackElo "2256"]
[PlyCount "107"]
[EventDate "2023.04.07"]
[EventType "swiss"]
[EventRounds "9"]
[EventCountry "CYP"]
[SourceTitle "CBM 213 Extra"]
[Source "ChessBase"]
[SourceDate "2023.05.31"]
[SourceVersion "1"]
[SourceVersionDate "2023.05.31"]
[SourceQuality "1"]

1. d4 Nf6 2. c4 e6 3. Nf3 Bb4+ 4. Nbd2 b6 5. a3 Bxd2+ 6. Qxd2 Bb7 7. e3 0-0 8. Be2 d6 9. 0-0 Nbd7 10. b4 a5 11. Bb2 Qe7 12. Rfd1 Ne4 13. Qc2 f5 14. d5 e5 15. Nd2 Ndf6 16. Nf1 g6 17. f3 Ng5 18. f4 Nge4 19. Bf3 c6 20. c5 bxc5 21. bxc5 cxd5 22. cxd6 Qe6 23. Bxe5 Nd7 24. Bd4 Qxd6 25. Rac1 Rfc8 26. Qa2 Rxc1 27. Rxc1 Rc8 28. Rxc8+ Bxc8 29. Nd2 Ndf6 30. h3 Qc6 31. Qb2 Kf7 32. Kh2 Ba6 33. Bxe4 Nxe4 34. Nf3 Qb7 35. Qc2 Ke6 36. Be5 Kf7 37. Nd4 Qd7 38. Qb3 Bb7 39. Qb6 Qe7 40. Qxa5 Qh4 41. Qc7+ Qe7 42. Qb8 Ba6 43. Qa8 Bb7 44. Qb8 Ba6 45. Nf3 Qxa3 46. Qa7+ Ke8 47. Qxh7 Be2 48. Qxg6+ Kd8 49. Qg8+ Ke7 50. Nd4 Qa2 51. Qg7+ Ke8 52. Nxf5 Qa3 53. Bd6 Qxd6 54. Nxd6+ 1-0

[Event "St Petersburg-ch 96th"]
[Site "St Petersburg"]
[Date "2023.03.21"]
[Round "4"]
[White "Goganov, Aleksey"]
[Black "Putrenko, Kirill"]
[Result "1-0"]
[WhiteElo "2522"]
[BlackElo "2241"]
[PlyCount "147"]
[EventDate "2023.03.18"]
[EventType "swiss"]
[EventRounds "9"]
[EventCountry "RUS"]
[SourceTitle "CBM 213 Extra"]
[Source "ChessBase"]
[SourceDate "2023.05.31"]
[SourceVersion "1"]
[SourceVersionDate "2023.05.31"]
[SourceQuality "1"]

1. e4 c5 2. Nf3 d6 3. d4 cxd4 4. Nxd4 Nf6 5. Nc3 a6 6. Be3 Ng4 7. Bg5 h6 8. Bc1 Nf6 9. Bd3 Nc6 10. Nxc6 bxc6 11. 0-0 e5 12. Kh1 Be7 13. f4 0-0 14. fxe5 dxe5 15. Be3 Be6 16. Qe2 Rb8 17. b3 a5 18. Na4 Nd7 19. Bc4 Bxc4 20. Qxc4 Qc7 21. c3 Qb7 22. Qe2 Nf6 23. Rf5 Qd7 24. Rxe5 Bd6 25. Rxa5 Nxe4 26. Qf3 f5 27. Ra7 Qe6 28. Bd4 Rf7 29. Rxf7 Qxf7 30. Rd1 Rf8 31. Nb2 Qc7 32. Bg1 Be5 33. Rd3 Qe7 34. Nc4 Bb8 35. a4 Qh4 36. Qf1 Bxh2 37. Bxh2 Nf2+ 38. Kg1 Nxd3 39. Qxd3 Qe1+ 40. Qf1 Qxc3 41. Bd6 Rd8 42. Qd1 Re8 43. Kh2 Re1 44. Qf3 Qc1 45. Qxf5 Rh1+ 46. Kg3 Qe1+ 47. Qf2 Qc3+ 48. Qe3 Qf6 49. Qe8+ Kh7 50. Qe4+ Kg8 51. Be5 Qe7 52. Kf2 Qf7+ 53. Qf4 Qg6 54. Nd2 Rd1 55. Qc4+ Kh7 56. Nf3 Rd5 57. b4 Qf5 58. g4 Qe6 59. Qf4 Qe7 60. a5 Rb5 61. Bd6 Qe6 62. Bc5 Qe8 63. a6 Qa8 64. a7 Rb7 65. Qe4+ Kh8 66. Ne5 Rxa7 67. Bxa7 Qxa7+ 68. Kf3 Qa3+ 69. Kf4 Qc1+ 70. Kf5 c5 71. Ke6 cxb4 72. Ng6+ Kh7 73. Nf8+ Kg8 74. Qh7+ 1-0

[Event "EU-ch U16 30th"]
[Site "Antalya"]
[Date "2022.11.11"]
[Round "6"]
[White "Chyzy, Jakub"]
[Black "Putrenko, Kirill"]
[Result "1-0"]
[WhiteElo "2235"]
[BlackElo "2052"]
[PlyCount "55"]
[EventDate "2022.11.06"]
[EventType "swiss"]
[EventRounds "9"]
[EventCountry "TUR"]
[SourceTitle "EXT 2024"]
[Source "ChessBase"]
[SourceDate "2023.10.10"]
[SourceVersion "1"]
[SourceVersionDate "2023.10.10"]
[SourceQuality "1"]

1. e4 c5 2. Nf3 Nc6 3. Bb5 e6 4. 0-0 Nge7 5. c3 a6 6. Ba4 b5 7. Bc2 Bb7 8. Re1 c4 9. d4 cxd3 10. Qxd3 Ng6 11. a4 b4 12. Nbd2 Qc7 13. Nc4 d6 14. a5 Be7 15. Be3 0-0 16. Bb6 Qb8 17. Rad1 Nf4 18. Qd2 d5 19. exd5 Nxd5 20. Ng5 g6 21. Ne4 Rc8 22. Qh6 bxc3 23. Ncd6 Rf8 24. Rd3 Bxd6 25. Rh3 Rd8 26. Qxh7+ Kf8 27. Ng5 Ke8 28. Rxe6+ 1-0

[Event "Chigorin Memorial 29th"]
[Site "St Petersburg"]
[Date "2022.10.23"]
[Round "2"]
[White "Yanchenko, Roman"]
[Black "Putrenko, Kirill"]
[Result "1-0"]
[WhiteElo "2467"]
[BlackElo "2052"]
[PlyCount "201"]
[EventDate "2022.10.22"]
[EventType "swiss"]
[EventRounds "9"]
[EventCountry "RUS"]
[SourceTitle "EXT 2024"]
[Source "ChessBase"]
[SourceDate "2023.10.10"]
[SourceVersion "1"]
[SourceVersionDate "2023.10.10"]
[SourceQuality "1"]

1. d4 d5 2. c4 dxc4 3. Nc3 a6 4. e3 Nf6 5. Bxc4 e6 6. a4 c5 7. Nf3 Nc6 8. 0-0 Be7 9. d5 exd5 10. Nxd5 0-0 11. Nxe7+ Qxe7 12. b3 Rd8 13. Qc2 Nb4 14. Qe2 Ne4 15. Bb2 Bg4 16. Rfd1 Ng5 17. Rxd8+ Rxd8 18. Rd1 Nxf3+ 19. gxf3 Bh3 20. f4 Rxd1+ 21. Qxd1 Qd7 22. Qh5 g6 23. Qe2 Be6 24. f3 Bxc4 25. bxc4 Nd3 26. Bc3 b5 27. axb5 axb5 28. Qa2 Kf8 29. Qa8+ Ke7 30. Qe4+ Kf8 31. Qa8+ Ke7 32. Qa6 bxc4 33. Bf6+ Kf8 34. Qa8+ Qe8 35. Bg7+ Ke7 36. Qe4+ Kd7 37. Qb7+ Kd6 38. e4 Nb4 39. Be5+ Ke6 40. Qc7 Qc6 41. Qd8 f5 42. Qg8+ Kd7 43. Qxh7+ Ke8 44. Qg8+ Ke7 45. Qg7+ Kd8 46. Qf8+ Kd7 47. Qf7+ Kc8 48. Qxc4 fxe4 49. fxe4 Kb7 50. Kf2 Kb6 51. Bd4 Na6 52. Be3 Qd7 53. Kg3 Qe7 54. Qb3+ Kc6 55. Qd5+ Kb5 56. Qd3+ Kb6 57. Qb3+ Kc6 58. Qg8 Qd6 59. Qe8+ Kb6 60. Kg4 Nc7 61. Qb8+ Kc6 62. Qb3 Qe7 63. Qa4+ Kb6 64. Qc4 Kc6 65. h4 Qd7+ 66. Kg3 Qe7 67. Qa4+ Kb6 68. Bd2 Qd6 69. Ba5+ Kb7 70. Qb3+ Kc8 71. Qf3 Ne6 72. e5 Qa6 73. Qd5 Kb8 74. Be1 Nd4 75. Qd8+ Kb7 76. Qd7+ Kb8 77. Qe8+ Kb7 78. Qf7+ Kb8 79. Qg8+ Kb7 80. Qh7+ Kb8 81. Qh8+ Kb7 82. Qg7+ Kb8 83. Qf8+ Kb7 84. Qe7+ Kb8 85. Qe8+ Kb7 86. Qd7+ Kb8 87. Qd6+ Qxd6 88. exd6 Kc8 89. Bf2 Kd7 90. Bxd4 cxd4 91. f5 d3 92. Kf3 Kxd6 93. fxg6 Ke6 94. Ke3 Kf6 95. h5 Kg7 96. Kxd3 Kh6 97. Ke4 Kg7 98. Kf5 Kg8 99. Kf6 Kh8 100. g7+ Kg8 101. h6 1-0

[Event "Chigorin Memorial 29th"]
[Site "St Petersburg"]
[Date "2022.10.22"]
[Round "1"]
[White "Putrenko, Kirill"]
[Black "Kuznetsov, Igor M1111"]
[Result "1-0"]
[WhiteElo "2052"]
[BlackElo "1464"]
[PlyCount "75"]
[EventDate "2022.10.22"]
[EventType "swiss"]
[EventRounds "9"]
[EventCountry "RUS"]
[SourceTitle "EXT 2024"]
[Source "ChessBase"]
[SourceDate "2023.10.10"]
[SourceVersion "1"]
[SourceVersionDate "2023.10.10"]
[SourceQuality "1"]

1. d4 Nf6 2. c4 g6 3. Nc3 d5 4. cxd5 Nxd5 5. e4 Nxc3 6. bxc3 Bg7 7. Qa4+ Nd7 8. Nf3 0-0 9. Be2 a6 10. 0-0 b5 11. Qc2 Bb7 12. Rb1 Nb6 13. Rd1 Kh8 14. h4 h6 15. h5 g5 16. Nh2 e5 17. d5 Bc8 18. a4 f5 19. Nf1 Nxa4 20. c4 Nc5 21. Ba3 Nxe4 22. Bxf8 Bxf8 23. Bd3 bxc4 24. Bxe4 fxe4 25. Qxe4 Bd6 26. Ne3 Qf6 27. Rbc1 Bd7 28. Nxc4 Rf8 29. Nxd6 Qxf2+ 30. Kh2 cxd6 31. Rf1 Rf4 32. Rxf2 Rxe4 33. Rc7 Rf4 34. Rxf4 gxf4 35. Rxd7 e4 36. Rxd6 e3 37. Kg1 e2 38. Kf2 1-0

[Event "Chigorin Memorial 28th"]
[Site "St Petersburg"]
[Date "2021.10.30"]
[Round "8"]
[White "Putrenko, Kirill"]
[Black "Kuizhev, Adam"]
[Result "1/2-1/2"]
[WhiteElo "2200"]
[BlackElo "1947"]
[PlyCount "89"]
[EventDate "2021.10.23"]
[EventType "swiss"]
[EventRounds "9"]
[EventCountry "RUS"]
[SourceTitle "EXT 2023"]
[Source "ChessBase"]
[SourceDate "2022.10.05"]
[SourceVersion "1"]
[SourceVersionDate "2022.10.05"]
[SourceQuality "1"]

1. d4 d5 2. c4 c6 3. Nc3 Nf6 4. Nf3 a6 5. cxd5 cxd5 6. Bf4 Nc6 7. Rc1 e6 8. e3 Qb6 9. Bd3 Bd7 10. 0-0 Nh5 11. Be5 Nxe5 12. Nxe5 Nf6 13. Qe2 Bd6 14. f4 g6 15. g4 h5 16. g5 Ng8 17. Kh1 Ne7 18. e4 Bxe5 19. dxe5 Bc6 20. Qf2 Qxf2 21. Rxf2 Rc8 22. Kg1 0-0 23. Rfc2 Rfd8 24. exd5 Nxd5 25. Nxd5 Rxd5 26. Be4 Rd4 27. Bxc6 Rxc6 28. Rxc6 bxc6 29. Rxc6 Rd1+ 30. Kg2 Rd2+ 31. Kg3 Rd3+ 32. Kg2 Rd2+ 33. Kh3 Rd3+ 34. Kh4 Rd2 35. h3 Rg2 36. Rxa6 Rxb2 37. Ra7 Kf8 38. Ra8+ Kg7 39. a4 Ra2 40. a5 Ra3 41. a6 Kh7 42. Ra7 Kg8 43. Ra8+ Kh7 44. Rf8 Kg7 45. Ra8 1/2-1/2

[Event "Chigorin Memorial 28th"]
[Site "St Petersburg"]
[Date "2021.10.24"]
[Round "2"]
[White "Aksenova, Maria"]
[Black "Putrenko, Kirill"]
[Result "0-1"]
[WhiteElo "2012"]
[BlackElo "2200"]
[PlyCount "224"]
[EventDate "2021.10.23"]
[EventType "swiss"]
[EventRounds "9"]
[EventCountry "RUS"]
[SourceTitle "EXT 2023"]
[Source "ChessBase"]
[SourceDate "2022.10.05"]
[SourceVersion "1"]
[SourceVersionDate "2022.10.05"]
[SourceQuality "1"]

1. d4 f5 2. Nc3 Nf6 3. Bg5 d5 4. e3 e6 5. Nf3 Nbd7 6. Be2 Be7 7. Ne5 Nxe5 8. dxe5 Ne4 9. Nxe4 Bxg5 10. Bb5+ Kf8 11. Nxg5 Qxg5 12. Qf3 Ke7 13. h4 Qh6 14. g4 fxg4 15. Qxg4 Bd7 16. Qb4+ Kd8 17. Bxd7 Kxd7 18. 0-0-0 a5 19. Qg4 c6 20. Rhg1 Rhg8 21. f4 Raf8 22. Qe2 Kc8 23. Qd2 b6 24. Qd4 Kb7 25. c4 Qxh4 26. Rh1 Qf2 27. Rxh7 c5 28. Qd2 Qxd2+ 29. Rxd2 d4 30. exd4 Rxf4 31. Rg2 Rxd4 32. Rgxg7+ Rxg7 33. Rxg7+ Kc6 34. b3 Re4 35. Rg6 b5 36. cxb5+ Kxb5 37. Kd2 Kc6 38. Kd3 Re1 39. Kc4 Rc1+ 40. Kd3 Rd1+ 41. Kc4 Rd4+ 42. Kc3 Kd5 43. Rh6 Re4 44. Rh8 a4 45. Ra8 axb3 46. axb3 Re3+ 47. Kc2 Kxe5 48. Rc8 Kd5 49. Rd8+ Kc6 50. Rc8+ Kd6 51. Rd8+ Kc7 52. Rh8 Rg3 53. Re8 Kd7 54. Rh8 e5 55. Rh6 Rf3 56. Rg6 Re3 57. Rh6 Re4 58. Rg6 Rd4 59. Rh6 Rd6 60. Rh5 Ke6 61. Kc3 Kd5 62. Rg5 Rf6 63. Rg3 Rf4 64. Rh3 Rg4 65. Rd3+ Rd4 66. Rh3 Rg4 67. Rd3+ Ke4 68. Kc4 Kf4 69. Kxc5 e4 70. Rd8 Kf3 71. Kd4 Ke2 72. Re8 e3+ 73. Kc3 Kf2 74. b4 e2 75. Rf8+ Ke1 76. b5 Rg3+ 77. Kc4 Re3 78. b6 Kd1 79. Rd8+ Kc2 80. b7 e1Q 81. b8Q Rc3+ 82. Kd5 Qd2+ 83. Ke6 Re3+ 84. Kf6 Qf2+ 85. Kg5 Rg3+ 86. Qxg3 Qxg3+ 87. Kf5 Qh3+ 88. Ke5 Qh7 89. Rd6 Kc3 90. Rc6+ Kb4 91. Rd6 Qh5+ 92. Ke6 Kc5 93. Rd8 Qg6+ 94. Ke7 Qe4+ 95. Kf7 Qf5+ 96. Ke7 Kc6 97. Rd6+ Kc7 98. Re6 Qh7+ 99. Kf6 Kd7 100. Re5 Qh3 101. Rd5+ Kc6 102. Re5 Kd6 103. Re8 Qh4+ 104. Kf7 Kd7 105. Rg8 Qf4+ 106. Kg7 Qg5+ 107. Kf7 Qf5+ 108. Kg7 Ke7 109. Kh6 Qh3+ 110. Kg7 Qh5 111. Ra8 Qg4+ 112. Kh6 Qh3+ 0-1

[Event "EU-ch Hybrid U16"]
[Site "Tornelo INT"]
[Date "2021.10.15"]
[Round "6"]
[White "Putrenko, Kirill"]
[Black "Garrido Outon, Alex"]
[Result "1/2-1/2"]
[WhiteElo "2200"]
[BlackElo "2433"]
[PlyCount "161"]
[EventDate "2021.10.15"]
[EventType "swiss"]
[EventRounds "9"]
[EventCountry "NET"]
[SourceTitle "EXT 2023"]
[Source "ChessBase"]
[SourceDate "2022.10.05"]
[SourceVersion "1"]
[SourceVersionDate "2022.10.05"]
[SourceQuality "1"]
[WhiteTeam "Russia"]
[BlackTeam "Spain"]
[WhiteTeamCountry "RUS"]
[BlackTeamCountry "ESP"]

1. d4 Nf6 2. c4 g6 3. Nc3 Bg7 4. e4 d6 5. Be2 0-0 6. Nf3 e5 7. 0-0 exd4 8. Nxd4 Re8 9. f3 c6 10. Kh1 Nbd7 11. Be3 Ne5 12. Rc1 d5 13. cxd5 cxd5 14. Bb5 Bd7 15. exd5 a6 16. Bxd7 Qxd7 17. Nb3 Nc4 18. Bd4 Nxb2 19. Qd2 Nc4 20. Qd3 Ne5 21. Bxe5 Rxe5 22. Nc5 Qc7 23. N5e4 Nxe4 24. Nxe4 Qa5 25. d6 Rd8 26. Qb3 Qd5 27. Qb6 Qa5 28. Qxb7 Rd5 29. Rc8 Rd3 30. h3 Bf8 31. Rxd8 Qxd8 32. Qxa6 Rd4 33. Qa7 Rd3 34. Qa6 Rd4 35. Rc1 Bxd6 36. Nxd6 Rxd6 37. Qc4 Rd4 38. Qc5 Qf6 39. Re1 Kg7 40. Qe5 Qxe5 41. Rxe5 Ra4 42. Re2 h5 43. Kg1 Kf6 44. Kf2 Kf5 45. Ke3 h4 46. Kd3 g5 47. Kc3 Kf4 48. Kb3 Rd4 49. a4 Kg3 50. Ra2 f5 51. a5 g4 52. fxg4 fxg4 53. hxg4 Rxg4 54. a6 Rg6 55. a7 Rg8 56. Kc4 Ra8 57. Kd3 Rd8+ 58. Ke4 Re8+ 59. Kf5 Rf8+ 60. Kg5 Rg8+ 61. Kf6 Rf8+ 62. Kg7 Ra8 63. Kf6 Rf8+ 64. Ke5 Re8+ 65. Kd4 Ra8 66. Ke3 Re8+ 67. Kd3 Ra8 68. Kd4 Kh2 69. Kd3 Kg3 70. Ke3 Re8+ 71. Kd2 Kxg2 72. a8Q+ Rxa8 73. Rxa8 h3 74. Rg8+ Kh1 75. Ke3 h2 76. Rb8 Kg2 77. Rb2+ Kg3 78. Rb1 Kg2 79. Rb2+ Kg3 80. Rb1 Kg2 81. Rb2+ 1/2-1/2